| 000 -LEADER |
| fixed length control field |
01559 a2200229 4500 |
| 003 - CONTROL NUMBER IDENTIFIER |
| control field |
Nust |
| 005 - DATE AND TIME OF LATEST TRANSACTION |
| control field |
20230307094745.0 |
| 010 ## - LIBRARY OF CONGRESS CONTROL NUMBER |
| LC control number |
76009336 |
| 020 ## - INTERNATIONAL STANDARD BOOK NUMBER |
| International Standard Book Number |
0224011618 |
| 040 ## - CATALOGING SOURCE |
| Transcribing agency |
Nust |
| 082 00 - DEWEY DECIMAL CLASSIFICATION NUMBER |
| Classification number |
355.02,DIX |
| 100 1# - MAIN ENTRY--PERSONAL NAME |
| Personal name |
Dixon, Norman F. |
| 9 (RLIN) |
48778 |
| 245 10 - TITLE STATEMENT |
| Title |
On the psychology of military incompetence / |
| Statement of responsibility, etc. |
Norman Dixon ; with a foreword by Shelford Bidwell. |
| 260 ## - PUBLICATION, DISTRIBUTION, ETC. |
| Place of publication, distribution, etc. |
New York : |
| Name of publisher, distributor, etc. |
Basic Books, |
| Date of publication, distribution, etc. |
c1976. |
| 300 ## - PHYSICAL DESCRIPTION |
| Extent |
447 p. ; |
| Dimensions |
22 cm. |
| 505 ## - FORMATTED CONTENTS NOTE |
| Formatted contents note |
Introduction (Page-17), Generalship (Page-27), The Crimean War (Page-36), The Boer War (Page-52), Indian Interlude (Page-68), The First World War (Page-80), Cambria (page-86) The Siege of Kut (Page-95), Between the Wars (Page-110), The Second World War (Page-123), Singapore (Page-130), Arnhem (Page-145), Is there a Case to Answer (Page-151), The Intellectual Ability of senior Military Commanders (Page-157), Military Organizations (Page-169), bullshit (Page-176), Socializations and the Anal Character (Page-186), Character and Honour (Page-196), Anti-Effeminacy (Page-208), Leaders of Men (Page-214), Militry achievement (Page-238), Authoritarianism (Page-256), Mother of Incompetence (Page-280), Education and the Cult of Muscular Christianity (Page-288),Individual Differences (Page-305), Extremes of Authoritarianism (Page-309), The Worst and the Best (Page-318), Exceptions to the Rule ? (Page-354), Retreat (Page-393). |
| 650 #0 - SUBJECT ADDED ENTRY--TOPICAL TERM |
| Topical term or geographic name entry element |
Generals. |
| 9 (RLIN) |
37930 |
| 650 #0 - SUBJECT ADDED ENTRY--TOPICAL TERM |
| Topical term or geographic name entry element |
Militarism. |
| 9 (RLIN) |
48779 |
| 650 #0 - SUBJECT ADDED ENTRY--TOPICAL TERM |
| Topical term or geographic name entry element |
Military history. |
| 650 #0 - SUBJECT ADDED ENTRY--TOPICAL TERM |
| Topical term or geographic name entry element |
Psychology, Military. |
| 9 (RLIN) |
48633 |
| 942 ## - ADDED ENTRY ELEMENTS (KOHA) |
| Source of classification or shelving scheme |
|
| Koha item type |
Book |